| Tag |
First Indicator |
Second Indicator |
Subfields |
| LEADER |
00000cam a2200000 4500 |
| 001 |
in00000008621 |
| 005 |
20151003080007.0 |
| 008 |
780221s1932 gw ch b 00110bger c |
| 010 |
|
|
|a agr33000183
|
| 035 |
|
|
|a (OCoLC)03655109
|
| 035 |
|
|
|9 AAA1018AM
|
| 040 |
|
|
|a Library, U.S. Dept. of Agriculture
|c AZS
|d m/c
|d TXA
|d UtOrBLW
|
| 050 |
|
4 |
|a QK31.S12
|b P7 1932
|
| 100 |
1 |
|
|a Pringsheim, Ernst G.
|q (Ernst Georg),
|d 1881-
|
| 245 |
1 |
0 |
|a Julius Sachs :
|b der Begründer der neueren Pflanzenphysiologie, 1832-1897 /
|c von Ernst G. Pringsheim.
|
| 264 |
|
1 |
|a Jena :
|b G. Fischer,
|c 1932.
|
| 300 |
|
|
|a xii, 302 pages, 13 leaves of plates :
|b portraits, facsimiles ;
|c 24 cm.
|
| 336 |
|
|
|a text
|b txt
|2 rdacontent
|
| 337 |
|
|
|a unmediated
|b n
|2 rdamedia
|
| 338 |
|
|
|a volume
|b nc
|2 rdacarrier
|
| 504 |
|
|
|a "Bibliographisches": pages [288]-294.
|
| 500 |
|
|
|a Includes index.
|
| 600 |
1 |
0 |
|a Sachs, Julius,
|d 1832-1897.
|
| 999 |
|
|
|a MARS
|
| 999 |
f |
f |
|s 5a559a2b-c7f5-3084-b7de-312d65a4d7e5
|i b8fb0011-03c8-371b-8850-9acc60e8beff
|t 0
|
| 952 |
f |
f |
|p ric
|a Texas A&M University
|b Rellis Campus
|c Joint Library Facility
|d Remote Storage
|t 0
|e QK31.S12 P7 1932
|h Library of Congress classification
|i unmediated -- volume
|m A14812584091
|
| 998 |
f |
f |
|a QK31.S12 P7 1932
|t 0
|l Remote Storage
|